Pays du monde contenant un T - Statistiques

Statistiques générales
  • Ce quiz a été pris 3 830 fois
    3 784 depuis la dernière actualisation
  • Le résultat moyen est 44 sur 64
Statistiques - réponses
Pays % Correct
Turquie
90%
Turkménistan
89%
États-Unis
88%
Tunisie
86%
Lituanie
83%
Lettonie
82%
Tadjikistan
82%
Estonie
81%
Tanzanie
81%
Thailande
81%
Australie
80%
Togo
80%
Afghanistan
79%
Argentine
79%
Portugal
79%
Italie
77%
Pakistan
77%
Ouzbékistan
76%
Kazakhstan
75%
Saint-Vincent-et-les-Grenadines
74%
Sainte-Lucie
73%
Vatican
73%
Autriche
72%
Kirghizistan
72%
République tchèque
72%
Saint-Christophe-et-Niévès
72%
Saint-Marin
72%
Éthiopie
71%
Tuvalu
71%
Égypte
70%
Viêt Nam
70%
Émirats Arabes Unis
69%
Taiwan
69%
Tonga
69%
Érythrée
68%
Tchad
68%
Trinité-et-Tobago
67%
Équateur
65%
Costa Rica
64%
Liechtenstein
64%
Malte
64%
Croatie
63%
Haiti
63%
Mauritanie
62%
Timor Oriental
62%
Antigua-et-Barbuda
61%
Guatemala
61%
Monténégro
61%
Qatar
61%
Arabie Saoudite
60%
Koweit
60%
Sao Tomé-et-Principe
60%
Bhoutan
59%
Botswana
59%
République Centrafricaine
59%
Côte d'Ivoire
58%
Lesotho
58%
République démocratique du Congo
57%
Eswatini
56%
Vanuatu
56%
Cap-Vert
55%
Guinée équatoriale
55%
Djibouti
53%
Kiribati
51%
Aucun quiz correspondant
Distribution des résultats
% des personnes avec chaque résultat
Percentile par nombre de réponses
Votre historique - résultats
Vous n’avez pas pris ce quiz depuis la dernière actualisation